000 00257nam a22000857a 4500
008 170620b xxu||||| |||| 00| 0 eng d
100 _93578
_aBontrager,K.L et al
245 _aText book of Radiographic positaning and related Anatomy
260 _aUSA
_bElsevier
_c2006
999 _c6964
_d6964